| 000 | 00988cam a2200277 a 4500 | ||
|---|---|---|---|
| 999 |
_c1965 _d1965 |
||
| 003 | OSt | ||
| 005 | 20210705063422.0 | ||
| 008 | 020416s2002 nyuaa b 001 0 eng | ||
| 020 | _a0321093887 (v. 1) | ||
| 020 | _a0321093895 (v. 2) | ||
| 040 | _cDLC | ||
| 043 | _ae-uk--- | ||
| 050 | 0 | 0 |
_aPR1109 _b.L67 2002 |
| 245 | 0 | 4 |
_aThe Longman anthology of British literature / _cDavid Damrosch, general editor. |
| 250 | _a2nd ed. | ||
| 260 |
_aNew York : _bLongman, _c2002. |
||
| 300 |
_a2 v. : _bill. (chiefly col.), map ; _c24 cm. |
||
| 500 | _aMap on inside cover. | ||
| 504 | _aIncludes bibliographical references and index. | ||
| 650 | 0 | _aEnglish literature. | |
| 700 | 1 | _aDamrosch, David. | |
| 906 |
_a7 _bcbc _corignew _d1 _eocip _f20 _gy-gencatlg |
||
| 942 |
_2lcc _cBK _nJE |
||